[Event "BL2-Sued 2223"]
[Site "Germany"]
[Date "2022.11.27"]
[Round "4.6"]
[White "Fritsch, Rolf"]
[Black "Razafindratsima, Timothe"]
[Result "0-1"]
[WhiteElo "2183"]
[BlackElo "2440"]
[PlyCount "44"]
[EventDate "2022.10.22"]
[EventType "team-tourn"]
[EventRounds "9"]
[EventCountry "GER"]
[SourceTitle "EXT 2024"]
[Source "ChessBase"]
[SourceDate "2023.10.10"]
[SourceVersion "1"]
[SourceVersionDate "2023.10.10"]
[SourceQuality "1"]
[WhiteTeam "Stuttgart"]
[BlackTeam "Bad Mergentheim"]
[WhiteTeamCountry "GER"]
[BlackTeamCountry "GER"]

1. c4 Nf6 2. g3 g6 3. Bg2 Bg7 4. Nc3 c6 5. e4 e5 6. Nge2 0-0 7. 0-0 d6 8. d3 Nbd7 9. h3 Nc5 10. Be3 Ne6 11. f4 exf4 12. gxf4 Nc7 13. Qe1 Nh5 14. Qf2 f5 15. Rad1 Ne6 16. exf5 Rxf5 17. Bf3 Nhxf4 18. Nxf4 Rxf4 19. Bxf4 Nxf4 20. Bd5+ Nxd5 21. Qf7+ Kh8 22. Rde1 Bxh3 0-1

[Event "BL2-Sued 2223"]
[Site "Germany"]
[Date "2022.11.25"]
[Round "6.7"]
[White "Fritsch, Rolf"]
[Black "Weber, Marc"]
[Result "1/2-1/2"]
[WhiteElo "2185"]
[BlackElo "2202"]
[PlyCount "23"]
[EventDate "2022.10.22"]
[EventType "team-tourn"]
[EventRounds "9"]
[EventCountry "GER"]
[SourceTitle "EXT 2024"]
[Source "ChessBase"]
[SourceDate "2023.10.10"]
[SourceVersion "1"]
[SourceVersionDate "2023.10.10"]
[SourceQuality "1"]
[WhiteTeam "Stuttgart"]
[BlackTeam "Walldorf"]
[WhiteTeamCountry "GER"]
[BlackTeamCountry "GER"]

1. c4 e5 2. g3 Nf6 3. Bg2 c6 4. d4 exd4 5. Qxd4 Na6 6. Nc3 Bc5 7. Qd2 0-0 8. e3 d5 9. cxd5 Nb4 10. Nge2 Nbxd5 11. Nxd5 Nxd5 12. 0-0 1/2-1/2

[Event "WchT Seniors 50"]
[Site "Acqui Terme"]
[Date "2022.06.21"]
[Round "2.2"]
[White "Fritsch, Rolf"]
[Black "Novikov, Igor A"]
[Result "0-1"]
[WhiteElo "2190"]
[BlackElo "2558"]
[PlyCount "76"]
[EventDate "2022.06.20"]
[EventType "team-swiss"]
[EventRounds "9"]
[EventCountry "ITA"]
[SourceTitle "CBM 209 Extra"]
[Source "ChessBase"]
[SourceDate "2022.09.30"]
[SourceVersion "1"]
[SourceVersionDate "2022.09.30"]
[SourceQuality "1"]
[WhiteTeam "Germany 50"]
[BlackTeam "United States 50"]
[WhiteTeamCountry "GER"]
[BlackTeamCountry "USA"]

1. d4 d5 2. Nf3 Nf6 3. c4 e6 4. Nc3 c6 5. e3 Nbd7 6. Qc2 Bd6 7. Bd2 0-0 8. 0-0-0 b5 9. e4 b4 10. e5 bxc3 11. Bxc3 Be7 12. exf6 Bxf6 13. Kb1 a5 14. Bd3 g6 15. h4 dxc4 16. Be4 Bg7 17. h5 Nf6 18. hxg6 fxg6 19. Bxc6 Ra7 20. Ne5 Nd5 21. Nxc4 Nxc3+ 22. Qxc3 Rc7 23. Nxa5 Rxf2 24. Qb4 Bd7 25. Rc1 Bc8 26. Nb3 Rf8 27. Bf3 Rd7 28. Qc4 Rd6 29. Rhd1 Qf6 30. Qb4 e5 31. dxe5 Qxe5 32. Nc5 Bf5+ 33. Ka1 Rxd1 34. Rxd1 Rb8 35. Nb7 h5 36. a4 Rc8 37. Re1 Qf6 38. Nc5 Rxc5 0-1

[Event "Oberliga Wuerttemberg 2122"]
[Site "Wuerttemberg"]
[Date "2022.04.24"]
[Round "5.2"]
[White "Koellner, Ruben Gideon"]
[Black "Fritsch, Rolf"]
[Result "1-0"]
[WhiteElo "2432"]
[BlackElo "2183"]
[PlyCount "85"]
[EventDate "2021.09.19"]
[EventType "team-tourn"]
[EventRounds "9"]
[EventCountry "GER"]
[SourceTitle "EXT 2023"]
[Source "ChessBase"]
[SourceDate "2022.10.05"]
[SourceVersion "1"]
[SourceVersionDate "2022.10.05"]
[SourceQuality "1"]
[WhiteTeam "Deizisau II"]
[BlackTeam "Stuttgart SF II"]
[WhiteTeamCountry "GER"]
[BlackTeamCountry "GER"]

1. d4 g6 2. Nf3 Bg7 3. Nbd2 d6 4. e4 Nf6 5. Bc4 c6 6. 0-0 0-0 7. Bb3 a5 8. a4 d5 9. e5 Ne8 10. Re1 Nc7 11. Nf1 f6 12. h3 Be6 13. Bf4 Nba6 14. c3 Qd7 15. Qd2 g5 16. Be3 Bf5 17. Ng3 Bg6 18. Bd1 h6 19. h4 Ne6 20. hxg5 fxg5 21. Bc2 Qe8 22. Qd1 Kh7 23. Kh2 Nac7 24. Rh1 Bxc2 25. Qxc2+ Qg6 26. Qb3 b5 27. Kg1 Nf4 28. axb5 cxb5 29. Qa3 b4 30. Qa4 bxc3 31. bxc3 Rab8 32. Qd7 Nce6 33. Qxe7 Rf7 34. Qd6 Rfb7 35. Bxf4 gxf4 36. Qxe6 Rb1+ 37. Rxb1 Rxb1+ 38. Nf1 Qxe6 39. Ng5+ Kg8 40. Nxe6 a4 41. Kh2 Rb2 42. Nxf4 a3 43. Ne3 1-0

[Event "Oberliga Wuerttemberg 2122"]
[Site "Wuerttemberg"]
[Date "2021.12.19"]
[Round "4.1"]
[White "Wenninger, Philipp"]
[Black "Fritsch, Rolf"]
[Result "1-0"]
[WhiteElo "2390"]
[BlackElo "2184"]
[PlyCount "69"]
[EventDate "2021.09.19"]
[EventType "team-tourn"]
[EventRounds "9"]
[EventCountry "GER"]
[SourceTitle "EXT 2023"]
[Source "ChessBase"]
[SourceDate "2022.10.05"]
[SourceVersion "1"]
[SourceVersionDate "2022.10.05"]
[SourceQuality "1"]
[WhiteTeam "Heilbronn"]
[BlackTeam "Stuttgart SF II"]
[WhiteTeamCountry "GER"]
[BlackTeamCountry "GER"]

1. d4 Nf6 2. Bg5 g6 3. Bxf6 exf6 4. e3 Bg7 5. g3 d5 6. Bg2 c6 7. Ne2 h5 8. h4 0-0 9. Nd2 Na6 10. 0-0 Re8 11. c4 dxc4 12. Nxc4 Bg4 13. Rc1 Re7 14. Qd2 Bxe2 15. Qxe2 f5 16. Rfd1 Nb4 17. Qd2 Nd5 18. b4 Nf6 19. a4 Ne4 20. Qc2 Qd7 21. a5 Rae8 22. a6 bxa6 23. Na5 Qd6 24. Bxe4 Rxe4 25. Qc5 Qf6 26. Qxc6 R4e6 27. Qf3 Re4 28. Nb3 Qb6 29. Nc5 R4e7 30. Nd3 a5 31. Rc6 Qd8 32. bxa5 Qxa5 33. d5 Rd8 34. d6 Rb7 35. Rc5 1-0

[Event "Oberliga Wuerttemberg 2122"]
[Site "Wuerttemberg"]
[Date "2021.11.28"]
[Round "3.1"]
[White "Fritsch, Rolf"]
[Black "Braun, Georg"]
[Result "0-1"]
[WhiteElo "2194"]
[BlackElo "2399"]
[PlyCount "58"]
[EventDate "2021.09.19"]
[EventType "team-tourn"]
[EventRounds "9"]
[EventCountry "GER"]
[SourceTitle "EXT 2023"]
[Source "ChessBase"]
[SourceDate "2022.10.05"]
[SourceVersion "1"]
[SourceVersionDate "2022.10.05"]
[SourceQuality "1"]
[WhiteTeam "Stuttgart SF II"]
[BlackTeam "Bebenhausen"]
[WhiteTeamCountry "GER"]
[BlackTeamCountry "GER"]

1. d4 d5 2. Nf3 e6 3. c4 a6 4. cxd5 exd5 5. Bf4 Bd6 6. Bxd6 Qxd6 7. Nc3 Ne7 8. e3 Qb6 9. Rb1 Bf5 10. Bd3 Bxd3 11. Qxd3 Qg6 12. Qxg6 hxg6 13. b4 Nd7 14. Ke2 b5 15. a4 c6 16. Ra1 0-0 17. Rhb1 Nb6 18. Ne5 f6 19. Nd3 Nf5 20. Rb2 Rfe8 21. Kf1 Nd6 22. Nc5 Kf7 23. h4 Rh8 24. g3 g5 25. axb5 Nxb5 26. Nxb5 axb5 27. Rxa8 Rxa8 28. hxg5 Nc4 29. Ke2 Nxb2 0-1

[Event "EU-ch Seniors 65"]
[Site "Budoni"]
[Date "2021.10.03"]
[Round "8"]
[White "Fritsch, Rolf"]
[Black "Gruzmann, Boris"]
[Result "1-0"]
[WhiteElo "2177"]
[BlackElo "2163"]
[PlyCount "111"]
[EventDate "2021.09.26"]
[EventType "swiss"]
[EventRounds "9"]
[EventCountry "ITA"]
[SourceTitle "EXT 2023"]
[Source "ChessBase"]
[SourceDate "2022.10.05"]
[SourceVersion "1"]
[SourceVersionDate "2022.10.05"]
[SourceQuality "1"]

1. Nf3 Nf6 2. c4 d6 3. d4 g6 4. Nc3 Bg7 5. Bf4 0-0 6. h3 c5 7. e3 Nc6 8. d5 Na5 9. Rc1 Bd7 10. Be2 a6 11. 0-0 Nh5 12. Bh2 b5 13. b3 Nb7 14. Nd2 b4 15. Ncb1 Nf6 16. e4 e5 17. dxe6 fxe6 18. e5 dxe5 19. Bxe5 Bc6 20. Bf3 Bxf3 21. Nxf3 Qxd1 22. Rcxd1 h6 23. Rd3 Rad8 24. Rfd1 Rxd3 25. Rxd3 Rd8 26. Rxd8+ Nxd8 27. Nbd2 Nd7 28. Bxg7 Kxg7 29. Ne4 Nb7 30. Kf1 Nf6 31. Nfd2 Nd7 32. Ke2 Ne5 33. Ke3 Kf7 34. f4 Nc6 35. Nf3 Kg7 36. g4 a5 37. Ne1 Nb8 38. Nd3 Nd7 39. Kf3 Kf7 40. Ke3 Kg7 41. h4 Kf7 42. Kf3 Ke7 43. Ng3 Kf7 44. h5 gxh5 45. Nxh5 a4 46. bxa4 Na5 47. Ng3 Nxc4 48. Ne4 Na5 49. Nexc5 Nxc5 50. Nxc5 Nc6 51. Nd3 b3 52. axb3 Nd4+ 53. Kg3 Nxb3 54. Kh4 Kg7 55. Kh5 Na5 56. Nc5 1-0

[Event "BL2-Sued 1920"]
[Site "Germany"]
[Date "2021.08.08"]
[Round "10.8"]
[White "Fritsch, Rolf"]
[Black "Richter, Nils"]
[Result "1-0"]
[WhiteElo "2162"]
[BlackElo "2292"]
[PlyCount "109"]
[EventDate "2019.10.19"]
[EventType "team-tourn"]
[EventRounds "11"]
[EventCountry "GER"]
[SourceTitle "EXT 2023"]
[Source "ChessBase"]
[SourceDate "2022.10.05"]
[SourceVersion "1"]
[SourceVersionDate "2022.10.05"]
[SourceQuality "1"]
[WhiteTeam "Stuttgart SF"]
[BlackTeam "Schoenaich"]
[WhiteTeamCountry "GER"]
[BlackTeamCountry "GER"]

1. e4 c6 2. Nc3 d5 3. Nf3 dxe4 4. Nxe4 Nf6 5. Nxf6+ exf6 6. d4 Bd6 7. c3 0-0 8. Be2 Re8 9. 0-0 Nd7 10. Re1 Nf8 11. Bf1 Bg4 12. Rxe8 Qxe8 13. h3 Bh5 14. g4 Bg6 15. Nh4 Qd7 16. f4 Be4 17. Bg2 f5 18. Bxe4 fxe4 19. Be3 Ne6 20. Qd2 Nc7 21. Nf5 Bf8 22. c4 Re8 23. Rd1 h5 24. Qe2 g6 25. Nh4 Be7 26. Ng2 Bf6 27. f5 hxg4 28. hxg4 gxf5 29. Qf2 Ne6 30. Qxf5 Bg7 31. d5 cxd5 32. cxd5 Nf8 33. b3 b6 34. Bd4 Qxf5 35. gxf5 Rd8 36. Nf4 Nd7 37. Nh5 Bh6 38. Kf2 Kf8 39. d6 Bg5 40. Ng3 Bh4 41. Rh1 Bf6 42. Bxf6 Nxf6 43. Rh8+ Ng8 44. Nxe4 Kg7 45. Rh1 Nh6 46. Rg1+ Kf8 47. Rg5 Re8 48. Kf3 Re5 49. Kf4 Rd5 50. Rh5 Ng8 51. Rh8 Rd3 52. f6 Rd1 53. Ke5 a5 54. Ng5 Rg1 55. d7 1-0

[Event "BL2-Sued 1920"]
[Site "Germany"]
[Date "2019.12.07"]
[Round "5.7"]
[White "Fritsch, Rolf"]
[Black "Zude, Arno"]
[Result "1/2-1/2"]
[WhiteElo "2162"]
[BlackElo "2372"]
[PlyCount "81"]
[EventDate "2019.10.19"]
[EventType "team-tourn"]
[EventRounds "11"]
[EventCountry "GER"]
[SourceTitle "CBM 194 Extra"]
[Source "ChessBase"]
[SourceDate "2020.03.31"]
[SourceVersion "1"]
[SourceVersionDate "2020.03.31"]
[SourceQuality "1"]
[WhiteTeam "Stuttgart SF"]
[BlackTeam "Hofheim"]
[WhiteTeamCountry "GER"]
[BlackTeamCountry "GER"]

1. c4 e5 2. g3 Nf6 3. Bg2 c6 4. d4 e4 5. Bg5 d5 6. Nc3 Nbd7 7. cxd5 cxd5 8. Qb3 Bd6 9. Nh3 h6 10. Bf4 Bxf4 11. Nxf4 Nb6 12. a4 a5 13. h4 0-0 14. 0-0 g5 15. hxg5 hxg5 16. Nh3 Nh7 17. f3 Be6 18. Rad1 exf3 19. exf3 Nc4 20. Nb5 Re8 21. Rfe1 Qd7 22. Nf2 Nd6 23. Nd3 Nxb5 24. Qxb5 Qxb5 25. axb5 b6 26. f4 Rac8 27. Rd2 Bd7 28. Rxe8+ Bxe8 29. fxg5 Nxg5 30. Nf4 Ne4 31. Bxe4 dxe4 32. Nd5 Kg7 33. Nc3 f5 34. Kf2 Kf6 35. g4 fxg4 36. Nxe4+ Ke7 37. Nc3 Rc4 38. Kg3 Kd8 39. Kxg4 a4 40. Rd3 Rb4 41. Rd2 1/2-1/2

[Event "Oberliga Wuerttemberg 1819"]
[Site "Wuerttemberg"]
[Date "2018.12.02"]
[Round "4"]
[White "Fritsch, Rolf"]
[Black "Mages, Steffen"]
[Result "1-0"]
[WhiteElo "2205"]
[BlackElo "2100"]
[PlyCount "103"]
[EventDate "2018.09.23"]
[EventType "team-tourn"]
[EventRounds "9"]
[EventCountry "GER"]
[SourceTitle "EXT 2020"]
[Source "ChessBase"]
[SourceDate "2019.10.17"]
[SourceVersion "1"]
[SourceVersionDate "2019.10.17"]
[SourceQuality "1"]
[WhiteTeam "Stuttgart SF"]
[BlackTeam "Heilbronn"]
[WhiteTeamCountry "GER"]
[BlackTeamCountry "GER"]

1. d4 d5 2. Nf3 Nf6 3. Bg5 e6 4. Nbd2 Nbd7 5. e3 Bd6 6. Bd3 c5 7. c3 Qc7 8. Qe2 b6 9. e4 dxe4 10. Nxe4 Nxe4 11. Bxe4 Bb7 12. Bxb7 Qxb7 13. Rd1 h6 14. dxc5 Bxc5 15. Bh4 g5 16. Bg3 g4 17. Nh4 Rg8 18. 0-0 Be7 19. Rd4 h5 20. Rfd1 Rd8 21. b4 a6 22. R4d3 b5 23. Nf5 exf5 24. Bd6 Nf8 25. Bxe7 Rxd3 26. Bxf8+ Kxf8 27. Qxd3 Qc8 28. Qd8+ Qxd8 29. Rxd8+ Kg7 30. Rxg8+ Kxg8 31. Kf1 Kg7 32. Ke2 Kf6 33. Kd3 Ke5 34. c4 bxc4+ 35. Kxc4 f4 36. a4 h4 37. b5 axb5+ 38. axb5 g3 39. fxg3 fxg3 40. hxg3 hxg3 41. Kc5 Ke4 42. b6 Ke3 43. b7 Kf2 44. b8Q Kxg2 45. Kd4 Kf3 46. Qb7+ Kf2 47. Qxf7+ Kg1 48. Ke3 g2 49. Qf2+ Kh1 50. Qh4+ Kg1 51. Kf3 Kf1 52. Qf2# 1-0

[Event "Wch Seniors 50 28th"]
[Site "Bled"]
[Date "2018.11.18"]
[Round "1"]
[White "Fritsch, Rolf"]
[Black "Vieira, Alexandre Letizio"]
[Result "1-0"]
[WhiteElo "2189"]
[BlackElo "1810"]
[PlyCount "63"]
[EventDate "2018.11.18"]
[EventType "swiss"]
[EventRounds "11"]
[EventCountry "SLO"]
[SourceTitle "CBM 187 Extra"]
[Source "ChessBase"]
[SourceDate "2018.11.04"]
[SourceVersion "1"]
[SourceVersionDate "2018.11.04"]
[SourceQuality "1"]

1. d4 Nf6 2. Nf3 g6 3. Bg5 Bg7 4. Nbd2 d6 5. e4 Nbd7 6. c3 e5 7. Bd3 0-0 8. dxe5 Nxe5 9. Nxe5 dxe5 10. Nc4 Qe7 11. Qe2 c6 12. a4 Qc7 13. 0-0 Nh5 14. g3 Be6 15. a5 Rfe8 16. Be3 Bxc4 17. Bxc4 b5 18. axb6 axb6 19. Rxa8 Rxa8 20. f4 exf4 21. gxf4 Nf6 22. Bd4 Re8 23. e5 b5 24. Ba2 c5 25. Qxb5 cxd4 26. exf6 Rb8 27. Qe5 Qxe5 28. fxe5 Rxb2 29. Bxf7+ Kxf7 30. e6+ Kf8 31. e7+ Ke8 32. fxg7 1-0

[Event "GER-chT Laender Seniors 50+"]
[Site "Templin"]
[Date "2018.09.14"]
[Round "5.3"]
[White "Fritsch, Rolf"]
[Black "Zimmermann, Rolf"]
[Result "1/2-1/2"]
[WhiteElo "2205"]
[BlackElo "2113"]
[PlyCount "81"]
[EventDate "2018.09.10"]
[EventType "team-tourn"]
[EventRounds "7"]
[EventCountry "GER"]
[SourceTitle "EXT 2020"]
[Source "ChessBase"]
[SourceDate "2019.10.17"]
[SourceVersion "1"]
[SourceVersionDate "2019.10.17"]
[SourceQuality "1"]
[WhiteTeam "Wuerttemberg"]
[BlackTeam "Nordrhein Westfalen"]
[WhiteTeamCountry "GER"]
[BlackTeamCountry "GER"]

1. d4 Nf6 2. Nf3 d5 3. Bg5 e6 4. e3 Be7 5. Nbd2 Nbd7 6. Bd3 c5 7. c3 0-0 8. 0-0 b6 9. Ne5 Bb7 10. f4 Ne4 11. Bxe7 Qxe7 12. Qc2 Nxd2 13. Qxd2 f5 14. Nxd7 Qxd7 15. Qe2 a5 16. a3 c4 17. Bc2 a4 18. Kh1 g6 19. g4 Qe7 20. Rg1 Kh8 21. Rg3 Rg8 22. Rag1 Bc6 23. Qg2 Qf7 24. h4 Raf8 25. Qh3 Be8 26. R1g2 h6 27. Kh2 Qe7 28. Bd1 Qh7 29. h5 gxh5 30. gxf5 Qxf5 31. Qxf5 exf5 32. Rxg8+ Rxg8 33. Rxg8+ Kxg8 34. Kg3 Kg7 35. Bf3 Bf7 36. Kh4 Kf6 37. Bd1 b5 38. Bf3 Kg7 39. Bg2 Kg6 40. Bh3 Kf6 41. Bg2 1/2-1/2

[Event "Oberliga Wuerttemberg 1718"]
[Site "Wuerttemberg"]
[Date "2018.04.22"]
[Round "9.22"]
[White "Sokratov, Stanislav"]
[Black "Fritsch, Rolf"]
[Result "1-0"]
[WhiteElo "2180"]
[BlackElo "2216"]
[PlyCount "93"]
[EventDate "2017.09.17"]
[EventType "team-tourn"]
[EventRounds "9"]
[EventCountry "GER"]
[SourceTitle "EXT 2019"]
[Source "ChessBase"]
[SourceDate "2018.10.10"]
[SourceVersion "1"]
[SourceVersionDate "2018.10.10"]
[SourceQuality "1"]
[WhiteTeam "Biberach"]
[BlackTeam "Stuttgart SF"]
[WhiteTeamCountry "GER"]
[BlackTeamCountry "GER"]

1. d4 d5 2. c4 c6 3. Nf3 Bf5 4. Nc3 e6 5. e3 a6 6. Bd3 dxc4 7. Bxc4 Nf6 8. 0-0 b5 9. Bb3 b4 10. Ne2 Bd6 11. Ng3 Bg6 12. Qe2 0-0 13. Bd2 a5 14. Rac1 Ne4 15. Nxe4 Bxe4 16. Ne1 e5 17. Nd3 exd4 18. exd4 Re8 19. Ne5 Bd5 20. Bxd5 cxd5 21. Qg4 f6 22. Nd3 Nd7 23. Rc6 Nb8 24. Rcc1 Nd7 25. Bh6 Bf8 26. Nf4 Nb6 27. Rc6 Qd7 28. Qxd7 Nxd7 29. Rc7 Nb6 30. Nh5 Re7 31. Rxe7 Bxe7 32. Nxg7 Rc8 33. Nf5 Bf8 34. Rc1 Bxh6 35. Nxh6+ Kf8 36. Rxc8+ Nxc8 37. Nf5 Kf7 38. Kf1 Ke6 39. g4 Nb6 40. b3 Nc8 41. Ke1 Na7 42. Ng3 Nc6 43. Nf5 Na7 44. Ng3 Nc6 45. Ne2 f5 46. f3 Kf6 47. Kf2 1-0

[Event "GER-chT Seniors 26th"]
[Site "Templin"]
[Date "2017.10.01"]
[Round "7.1"]
[White "Nekrasov, Mihail"]
[Black "Fritsch, Rolf"]
[Result "1/2-1/2"]
[WhiteElo "2359"]
[BlackElo "2214"]
[PlyCount "63"]
[EventDate "2017.09.25"]
[EventType "team-swiss"]
[EventRounds "7"]
[EventCountry "GER"]
[SourceTitle "EXT 2019"]
[Source "ChessBase"]
[SourceDate "2018.10.10"]
[SourceVersion "1"]
[SourceVersionDate "2018.10.10"]
[SourceQuality "1"]
[WhiteTeam "Baden"]
[BlackTeam "Wuerttemberg"]
[WhiteTeamCountry "GER"]
[BlackTeamCountry "GER"]

1. e4 g6 2. d4 Bg7 3. Nf3 d6 4. Bc4 e6 5. 0-0 Ne7 6. c3 h6 7. Re1 a6 8. a4 b6 9. Nbd2 Bb7 10. Bd3 Nd7 11. b4 0-0 12. h4 e5 13. Bb2 f5 14. dxe5 Nxe5 15. Nxe5 Bxe5 16. Nf3 Bg7 17. Qb3+ Kh8 18. c4 Qd7 19. Bxg7+ Kxg7 20. Bc2 fxe4 21. Bxe4 Bxe4 22. Rxe4 Ng8 23. a5 Nf6 24. Re2 Rfe8 25. Rxe8 Qxe8 26. axb6 cxb6 27. Qc3 Qd7 28. Qd4 Qc6 29. Ng5 a5 30. b5 Qe8 31. Nf3 Qd8 32. Ng5 1/2-1/2

[Event "GER-chT Seniors 26th"]
[Site "Templin"]
[Date "2017.09.29"]
[Round "5.1"]
[White "Dettmann, Gerd"]
[Black "Fritsch, Rolf"]
[Result "1/2-1/2"]
[WhiteElo "2155"]
[BlackElo "2214"]
[PlyCount "58"]
[EventDate "2017.09.25"]
[EventType "team-swiss"]
[EventRounds "7"]
[EventCountry "GER"]
[SourceTitle "EXT 2019"]
[Source "ChessBase"]
[SourceDate "2018.10.10"]
[SourceVersion "1"]
[SourceVersionDate "2018.10.10"]
[SourceQuality "1"]
[WhiteTeam "Mecklenburg Vorpommern"]
[BlackTeam "Wuerttemberg"]
[WhiteTeamCountry "GER"]
[BlackTeamCountry "GER"]

1. e4 g6 2. d4 Bg7 3. Nc3 d6 4. Nf3 a6 5. Be3 b5 6. Bd3 e6 7. 0-0 Nd7 8. Qd2 h6 9. a4 b4 10. Ne2 c5 11. c3 bxc3 12. bxc3 Qc7 13. Ne1 Ne7 14. h4 Bb7 15. h5 Nf6 16. hxg6 c4 17. gxf7+ Kxf7 18. Bc2 Nxe4 19. Bxe4 Bxe4 20. Ng3 Qc6 21. Nxe4 Qxe4 22. Nf3 Rag8 23. Bf4 Bf6 24. Bg3 Nf5 25. Qf4 Qd5 26. Rae1 h5 27. Qe4 Qxe4 28. Rxe4 h4 29. Bf4 Rg4 1/2-1/2

[Event "GER-chT Seniors 26th"]
[Site "Templin"]
[Date "2017.09.27"]
[Round "3.9"]
[White "Kyas, Juergen"]
[Black "Fritsch, Rolf"]
[Result "1/2-1/2"]
[WhiteElo "2200"]
[BlackElo "2214"]
[PlyCount "28"]
[EventDate "2017.09.25"]
[EventType "team-swiss"]
[EventRounds "7"]
[EventCountry "GER"]
[SourceTitle "EXT 2019"]
[Source "ChessBase"]
[SourceDate "2018.10.10"]
[SourceVersion "1"]
[SourceVersionDate "2018.10.10"]
[SourceQuality "1"]
[WhiteTeam "Sachsen"]
[BlackTeam "Wuerttemberg"]
[WhiteTeamCountry "GER"]
[BlackTeamCountry "GER"]

1. e4 g6 2. d4 Bg7 3. Nf3 d6 4. Be2 Nf6 5. Nc3 c6 6. a4 Bg4 7. Be3 0-0 8. 0-0 d5 9. e5 Ne8 10. Qd2 f6 11. exf6 exf6 12. Bh6 Nd6 13. Bxg7 Kxg7 14. Qf4 Bf5 1/2-1/2

[Event "GER-chT Seniors 26th"]
[Site "Templin"]
[Date "2017.09.26"]
[Round "2.1"]
[White "Fritsch, Rolf"]
[Black "Krueger, Horst"]
[Result "1/2-1/2"]
[WhiteElo "2214"]
[BlackElo "2036"]
[PlyCount "102"]
[EventDate "2017.09.25"]
[EventType "team-swiss"]
[EventRounds "7"]
[EventCountry "GER"]
[SourceTitle "EXT 2019"]
[Source "ChessBase"]
[SourceDate "2018.10.10"]
[SourceVersion "1"]
[SourceVersionDate "2018.10.10"]
[SourceQuality "1"]
[WhiteTeam "Wuerttemberg"]
[BlackTeam "Mecklenburg Vorpommern II"]
[WhiteTeamCountry "GER"]
[BlackTeamCountry "GER"]

1. d4 d5 2. Nf3 Nf6 3. c4 c6 4. g3 Bf5 5. Nc3 e6 6. Nh4 Bg6 7. Nxg6 hxg6 8. cxd5 exd5 9. Bg2 Nbd7 10. 0-0 Be7 11. Rb1 Nb6 12. b4 a6 13. a4 0-0 14. Qb3 Qd7 15. Rd1 Qf5 16. f3 Rfd8 17. Bf4 Rd7 18. a5 g5 19. Bc1 Nc4 20. e4 Qg6 21. e5 Nh7 22. Bf1 Rad8 23. Bxc4 dxc4 24. Qxc4 Nf8 25. Be3 Ne6 26. Rb2 Nc7 27. Bf2 Nd5 28. Re1 Qf5 29. Nxd5 Rxd5 30. Qe2 Rb5 31. Reb1 Qe6 32. Kg2 g6 33. g4 Rd7 34. Qc2 Kg7 35. Qb3 Rdd5 36. Qc3 Qd7 37. Re1 Qe6 38. Re4 Rd7 39. Be3 Qd5 40. h3 Rd8 41. Qd2 f5 42. exf6+ Bxf6 43. Qc1 Rd7 44. Qc3 Kf7 45. Rc2 Kg7 46. Qc4 Be7 47. Re5 Qxc4 48. Rxc4 Rxe5 49. dxe5 Kf7 50. Bd4 Ke6 51. Bc3 Rd3 1/2-1/2

[Event "Oberliga Wuerttemberg 1617"]
[Site "Wuerttemberg"]
[Date "2017.02.19"]
[Round "8.5"]
[White "Fritsch, Rolf"]
[Black "Denisow, Jewgeny"]
[Result "1/2-1/2"]
[WhiteElo "2258"]
[BlackElo "2224"]
[PlyCount "72"]
[EventDate "2016.09.25"]
[EventType "team-tourn"]
[EventRounds "11"]
[EventCountry "GER"]
[SourceTitle "EXT 2019"]
[Source "ChessBase"]
[SourceDate "2018.10.10"]
[SourceVersion "1"]
[SourceVersionDate "2018.10.10"]
[SourceQuality "1"]
[WhiteTeam "Stuttgart SF"]
[BlackTeam "Schwaebisch Gmuend"]
[WhiteTeamCountry "GER"]
[BlackTeamCountry "GER"]

1. d4 Nf6 2. Nf3 b5 3. e3 a6 4. a4 b4 5. c4 bxc3 6. bxc3 e6 7. Bd3 d5 8. 0-0 Be7 9. Nbd2 0-0 10. a5 c5 11. Ne5 Qc7 12. f4 Nc6 13. Nxc6 Qxc6 14. Nf3 cxd4 15. cxd4 Qc3 16. Ra2 Bd7 17. Bb2 Qc7 18. Qe2 Qb7 19. Rb1 Bb5 20. Ba3 Ne4 21. Qe1 Bxa3 22. Bxb5 axb5 23. Rxa3 Qa6 24. Nd2 Nd6 25. Nb3 Nc4 26. Ra2 Rfb8 27. Nc5 Qc6 28. a6 Rb6 29. Kf2 f6 30. g3 e5 31. Kg1 Rbb8 32. Re2 Re8 33. Qf2 Nd6 34. Rc2 Nc4 35. Re2 Nd6 36. Rc2 Nc4 1/2-1/2

[Event "Wch Seniors 50 26th"]
[Site "Marianske Lazne"]
[Date "2016.11.30"]
[Round "11"]
[White "Agusto, Obafunmilayo"]
[Black "Fritsch, Rolf"]
[Result "1-0"]
[WhiteElo "2144"]
[BlackElo "2235"]
[PlyCount "81"]
[EventDate "2016.11.19"]
[EventType "swiss"]
[EventRounds "11"]
[EventCountry "CZE"]
[SourceTitle "CBM 175 Extra"]
[Source "ChessBase"]
[SourceDate "2016.12.12"]
[SourceVersion "1"]
[SourceVersionDate "2016.12.12"]
[SourceQuality "1"]

1. d4 g6 2. c4 Bg7 3. Nc3 Nf6 4. e4 d6 5. Nf3 0-0 6. Be2 Na6 7. 0-0 e5 8. Be3 Ng4 9. Bg5 f6 10. Bc1 f5 11. h3 exd4 12. Nxd4 Ne5 13. exf5 gxf5 14. b3 Nc5 15. Bb2 f4 16. Re1 Qg5 17. Nf3 Qd8 18. Nxe5 Bxe5 19. Bg4 Nd7 20. Qd5+ Kg7 21. Bxd7 c6 22. Bxc6 bxc6 23. Qxc6 Bd7 24. Qd5 Qe7 25. Nb5 Bxb5 26. Bxe5+ dxe5 27. Rxe5 Qf6 28. Qxb5 Kh8 29. Rae1 f3 30. Rg5 h6 31. Rg3 fxg2 32. Qe5 Rad8 33. Qxf6+ Rxf6 34. Re2 Rd7 35. Kxg2 Kh7 36. Rc2 a5 37. Rf3 Rg6+ 38. Rg3 Rf6 39. Kf1 Rf5 40. c5 Rc7 41. c6 1-0

[Event "Wch Seniors 50 26th"]
[Site "Marianske Lazne"]
[Date "2016.11.26"]
[Round "7"]
[White "Fritsch, Rolf"]
[Black "Paldus, Petr"]
[Result "1-0"]
[WhiteElo "2235"]
[BlackElo "2031"]
[PlyCount "115"]
[EventDate "2016.11.19"]
[EventType "swiss"]
[EventRounds "11"]
[EventCountry "CZE"]
[SourceTitle "CBM 175 Extra"]
[Source "ChessBase"]
[SourceDate "2016.12.12"]
[SourceVersion "1"]
[SourceVersionDate "2016.12.12"]
[SourceQuality "1"]

1. e4 d6 2. g3 Nf6 3. Bg2 g6 4. d3 Bg7 5. f4 e5 6. Nf3 Nc6 7. 0-0 Bg4 8. h3 Bxf3 9. Qxf3 Qd7 10. c3 h6 11. Nd2 g5 12. fxg5 hxg5 13. Qf2 Nh7 14. Nc4 f6 15. b4 a5 16. b5 Ne7 17. a4 0-0 18. Ne3 Rf7 19. Bf3 Qxh3 20. Bg4 Qh6 21. Be6 Nf8 22. Nf5 Nxf5 23. Bxf7+ Kxf7 24. exf5 Nd7 25. Qa2+ Kf8 26. Kg2 Qh5 27. Be3 Re8 28. Rf2 e4 29. d4 Nb6 30. c4 Qf7 31. d5 Nd7 32. g4 Ke7 33. Bd4 Kd8 34. Re2 Bf8 35. Qc2 Nc5 36. Bxc5 dxc5 37. Rxe4 Bd6 38. Rh1 Be5 39. Kf3 Qg7 40. Rh3 Rh8 41. Qg2 b6 42. Qh1 Rxh3+ 43. Qxh3 Kc8 44. Qh5 Kb7 45. Rxe5 fxe5 46. Ke4 Qf6 47. Qe8 Qg7 48. Qc6+ Kb8 49. d6 cxd6 50. Qxb6+ Kc8 51. Qc6+ Kb8 52. Qxd6+ Ka8 53. Qc6+ Kb8 54. Qb6+ Ka8 55. Qxa5+ Kb8 56. Qb6+ Ka8 57. Qc6+ Kb8 58. b6 1-0